Marx and Engels on ecology /

Bibliographic Details
Other Authors: Marx, Karl, 1818-1883, Engels, Friedrich, 1820-1895, Parsons, Howard L.
Format: Book
Language:English
German
Published: Westport, Conn. : Greenwood Press, 1977.
Series:Contributions in philosophy ; no. 8.
Subjects:

MARC

Tag First Indicator Second Indicator Subfields
LEADER 00000cam a2200000 i 4500
001 in00000328024
005 20151011050722.0
008 770713s1977 ctu b 00100 eng
010 |a  77071866  
020 |a 0837195381 :  |c $16.95 
035 |a (OCoLC)03186027 
035 |9 ABK3455AM 
040 |a DLC  |c DLC  |d OCL  |d TXA  |d UtOrBLW 
041 1 |a eng  |a ger 
049 |a TXAM  |c [1403206] 
050 0 0 |a HX550.E25  |b M37 
082 0 |a 335.43/8/30131 
245 0 0 |a Marx and Engels on ecology /  |c edited and compiled by Howard L. Parsons. 
264 1 |a Westport, Conn. :  |b Greenwood Press,  |c 1977. 
300 |a xiv, 262 pages ;  |c 22 cm. 
336 |a text  |b txt  |2 rdacontent 
337 |a unmediated  |b n  |2 rdamedia 
338 |a volume  |b nc  |2 rdacarrier 
490 1 |a Contributions in philosophy,  |v no. 8,  |x 0084-926X 
500 |a Includes index. 
504 |a Bibliography: pages [225]-256. 
650 0 |a Communism and ecology. 
700 1 2 |a Marx, Karl,  |d 1818-1883.  |t Selections. English. 1977. 
700 1 2 |a Engels, Friedrich,  |d 1820-1895.  |t Selections. English. 1977. 
700 1 |a Parsons, Howard L. 
830 0 |a Contributions in philosophy ;  |v no. 8. 
999 |a MARS 
999 f f |s bf664d4c-1056-31d7-99a0-e7f490f049e7  |i 30275b18-4372-35a3-bd89-6b11a7a9afdd  |t 0 
952 f f |p ric  |a Texas A&M University  |b Rellis Campus  |c Joint Library Facility  |d Remote Storage  |t 0  |e HX550.E25 M37  |h Library of Congress classification  |i unmediated -- volume  |m A14803059275 
998 f f |a HX550.E25 M37  |t 0  |l Remote Storage